Gaming Quiz

Random Gaming or Grab Bag Quiz

Pokémon Foursomes (Gen I) Quiz Stats

Quiz Updated May 23, 2016

Challenge
Share
Tweet
Embed
Score 0/60 Timer 10:00
9 Plays Today
% Correct
Red
95.9%
Blue
95.8%
Yellow
95.3%
Green
93.2%
Potion
81.2%
Eevee -> Vaporeon
80.5%
Super Potion
80.1%
BALL
76.3%
Hyper Potion
75.8%
Zubat
72%
Clefairy
71.5%
RUN
71.4%
Kadabra
70.8%
Pokéball
70.5%
Alakazam
70.3%
Geodude
70.3%
Abra
69.2%
Max Potion
67.3%
Lance
66.7%
Gengar (Red/Blue/Green)
64.1%
THROW ROCK
64.1%
Poliwhirl -> Poliwrath
63%
String Shot
62.9%
Pikachu (Yellow)
62.1%
Kabuto
62.1%
Power Plant (Zapdos)
61.9%
Bruno
61.7%
Kabutops
61.7%
Omastar
61.6%
Omanyte
61.5%
% Correct
DoubleSlap
60.5%
Agatha
60%
BAIT
60%
Double Kick
58.6%
Nidorino (Red/Green)
56%
Onix
55.5%
Staryu -> Starmie
53%
Tauros
51.8%
Lorelei
51.6%
Jynx
50.4%
Double Team
49.9%
Tangela
49.5%
Antidote
49.3%
Seafoam Islands (Articuno)
49.2%
Paras
48.6%
Victory Road (Moltres)
47.1%
Cerulean Cave (Mewtwo)
47%
Mr. Mime
46.7%
Tentacool
44.8%
Tentacruel
44.7%
Shellder -> Cloyster
43.6%
Parlyz Heal
40.3%
Jigglypuff (Blue)
39.2%
Seel
35.2%
Double-Edge
33.5%
Twineedle
32.1%
Burn Heal
30.5%
Leech Life
30.3%
Venomoth
30.2%
Pin Missile
25.6%

You're not logged in!

Compare scores with friends on all Sporcle quizzes.
Join for Free
OR
Log In

You Might Also Like...

Show Comments

Extras

Top Quizzes Today


Score Distribution

Your Account Isn't Verified!

In order to create a playlist on Sporcle, you need to verify the email address you used during registration. Go to your Sporcle Settings to finish the process.

Report this User

Report this user for behavior that violates our Community Guidelines.

Details: